000 00760nam a2200265Ia 4500
005 20260302114709.0
008 008 260114s9999 xx 000 0 eng d
020 _a9789356407770
037 _aTextbook
040 _aCRL
040 _beng
040 _cCRL
041 _2eng
041 _aeng
084 _qCRL
100 _aShormishtha Panja and Babli Moitra Saraf
_91119482
245 0 _aPerforming Shakespeare in India Exploring Indianness, Literatures and Cultures; Revised Edition
260 _bBloomsbury
260 _bBloomsbury India
260 _c2024
650 _aLiterary Studies
856 _uhttps://doi.org/10.5040/9789356407770?locatt=label:secondary_bloomsburyCollections
942 _cEBOOK
999 _c1683522
_d1683522